| 000 | 00655nam a2200241Ia 4500 | ||
|---|---|---|---|
| 008 | 160803s9999 xx 000 0 und d | ||
| 020 | _a0 590486209 | ||
| 100 | _aMost, Bernard | ||
| 245 | 4 | _aThe cow that went oink / | |
| 245 | _cby Bernard Most. | ||
| 260 | _aNew York : | ||
| 260 | _bScholastic Inc. | ||
| 260 | _c1990 | ||
| 300 | _a[33] unnumbeed pages : | ||
| 300 | _bcolor illustrations ; | ||
| 300 | _c21 x 26 cm. | ||
| 500 | _aOriginally published: San Diego : Harcourt Brace Jovanovich, c1990. | ||
| 650 | _aAnimal sounds -- | ||
| 650 | _aDomestic animals -- | ||
| 650 | _xFiction. | ||
| 650 | _xFiction. | ||
| 700 | _a270 | ||
| 999 |
_c299149 _d299149 |
||